Catalog

Record Details

Catalog Search



The dark crystal [DVD/videorecording] / Jim Henson ... Read More

Henson, Jim.(Added Author). Oz, Frank.(Added Author). ... Read More

Available copies

  • 2 of 2 copies available at LARL/NWRL Consortium.
  • 1 of 1 copy available at Northwest Regional Library. (Show preferred library)

Current holds

0 current holds with 2 total copies.

Show Only Available Copies
Location Call Number / Copy Notes Barcode Shelving Location Status Due Date
Roseau Public Library DVD j DAR (Text) 35500006068546 Main Available -
Moorhead Public Library DVD J DAR (Text) 33500013505342 Main Available -

Record details

  • ISBN: 0767821653 :
  • ISBN: 9780767821650
  • Physical Description: 1 videodisc (ca. 94 min.) : sd., col. ; 4 3/4 in.
  • Publisher: Culver City, Calif. : Columbia Tristar Home Video, 1999.

Content descriptions

General Note:
Originally produced as a motion picture in 1982.
For specific features see interactive menu.
Restrictions on Access Note:
For private home use only.
Creation/Production Credits Note:
Executive producer, David Lazer ; music, Trevor ... Read More
Participant or Performer Note:
Voices: Jim Henson, Kathryn Mullen, Frank Oz, Dave ... Read More
Summary, etc.:
Jen, a Gelfling (one of the last survivors of the ... Read More
Target Audience Note:
MPAA: Rated PG.
Study Program Information Note:
Gozalz.
System Details Note:
DVD.
Language Note:
Closed captioned for the hearing impaired.
Subject: Elves > Drama.
Mystics > Drama.
Crystals > Drama.
Elves > Drama.
Mystics > Drama.
Crystals > Drama.
Video recordings for the hearing impaired.
Fantasy films.
Science fiction films.
Spanish language films.
Genre: Feature films.
Fantasy films.
Children's films.
Science fiction films.
LDR 03092cgm a2200709Ia 4500
00183109
003LARL_NWRL_CONSORTIUM
00520110831112006.0
007vd cvaizs
008991025s1999 cau094 g vleng d
019 . ‡a173094499 ‡a680104545
020 . ‡a0767821653 : ‡c$24.95
020 . ‡a9780767821650
02410. ‡a043396028494
02842. ‡a02849 ‡bColumbia Tristar Home Video
035 . ‡a(OCoLC)42697213 ‡z(OCoLC)173094499 ‡z(OCoLC)680104545
040 . ‡aIAM ‡cIAM ‡dJED ‡dOCLCQ ‡dRCS ‡dBTCTA ‡dYDXCP ‡dXY4 ‡dRCS ‡dOCLCQ ‡dSMP ‡dZLM ‡dTXCPL
050 4. ‡aPN1997 ‡b.D375 1999
08204. ‡a791.43/72 ‡222
24504. ‡aThe dark crystal ‡h[DVD/videorecording] / ‡cJim Henson Productions ; directed by Jim Henson and Frank Oz ; produced by Jim Henson and Gary Kurtz ; screenplay by David Odell ; story by Jim Henson.
260 . ‡aCulver City, Calif. : ‡bColumbia Tristar Home Video, ‡c1999.
300 . ‡a1 videodisc (ca. 94 min.) : ‡bsd., col. ; ‡c4 3/4 in.
538 . ‡aDVD.
546 . ‡aClosed captioned for the hearing impaired.
508 . ‡aExecutive producer, David Lazer ; music, Trevor Jones.
500 . ‡aOriginally produced as a motion picture in 1982.
506 . ‡aFor private home use only.
5218 . ‡aMPAA: Rated PG.
520 . ‡aJen, a Gelfling (one of the last survivors of the elfin-like race), is told of a prophecy by his master, a wise and gentle mystic. Jen sets to the task of returning the crystal shard to the all powerful Dark Crystal, making it whole again, and restoring light to the world.
500 . ‡aFor specific features see interactive menu.
5110 . ‡aVoices: Jim Henson, Kathryn Mullen, Frank Oz, Dave Goelz, Steve Whitmire.
5268 . ‡aGozalz.
650 0. ‡aElves ‡vDrama.
650 0. ‡aMystics ‡vDrama.
650 0. ‡aCrystals ‡vDrama.
650 8. ‡aElves ‡vDrama.
650 8. ‡aMystics ‡vDrama.
650 8. ‡aCrystals ‡vDrama.
650 1. ‡aVideo recordings for the hearing impaired. ‡0(LARL_NWRL_CONSORTIUM)35804
650 4. ‡aFantasy films. ‡0(LARL_NWRL_CONSORTIUM)178862
650 4. ‡aScience fiction films. ‡0(LARL_NWRL_CONSORTIUM)178866
650 4. ‡aSpanish language films.
655 0. ‡aFeature films. ‡0(LARL_NWRL_CONSORTIUM)175625
655 0. ‡aFantasy films. ‡0(LARL_NWRL_CONSORTIUM)175666
655 0. ‡aChildren's films. ‡0(LARL_NWRL_CONSORTIUM)175624
655 0. ‡aScience fiction films. ‡0(LARL_NWRL_CONSORTIUM)175747
7001 . ‡aHenson, Jim. ‡0(LARL_NWRL_CONSORTIUM)53819
7001 . ‡aOz, Frank. ‡0(LARL_NWRL_CONSORTIUM)63372
7001 . ‡aKurtz, Gary. ‡0(LARL_NWRL_CONSORTIUM)141551
7001 . ‡aOdell, David. ‡0(LARL_NWRL_CONSORTIUM)75143
7001 . ‡aJones, Trevor. ‡0(LARL_NWRL_CONSORTIUM)67259
7102 . ‡aJim Henson Productions. ‡0(LARL_NWRL_CONSORTIUM)117587
7102 . ‡aJim Henson Home Entertainment (Firm) ‡0(LARL_NWRL_CONSORTIUM)145574
7102 . ‡aColumbia TriStar Home Video (Firm) ‡0(LARL_NWRL_CONSORTIUM)139356
948 . ‡hNO HOLDINGS IN LAL - 830 OTHER HOLDINGS
994 . ‡aZ0 ‡bLAL
901 . ‡a83109 ‡bOCLC ‡c83109 ‡tbiblio

Additional Resources